<?xml version="1.0" encoding="UTF-8"?>
<collection xmlns="http://www.loc.gov/MARC21/slim">
  <record>
    <leader>00000nam  2200000   4500</leader>
    <controlfield tag="001">INLIS000000000051129</controlfield>
    <controlfield tag="005">20170825025700</controlfield>
    <datafield tag="035" ind1="#" ind2="#">
      <subfield code="a">0010-0817000312</subfield>
    </datafield>
    <controlfield tag="007">ta</controlfield>
    <controlfield tag="008">170825###########################0#ind##</controlfield>
    <datafield tag="082" ind1="#" ind2="#">
      <subfield code="a">387.5</subfield>
    </datafield>
    <datafield tag="084" ind1="#" ind2="#">
      <subfield code="a">387.5 LAW k</subfield>
    </datafield>
    <datafield tag="100" ind1="1" ind2="#">
      <subfield code="a">Lawalata, Herman A. Carel</subfield>
    </datafield>
    <datafield tag="245" ind1="1" ind2="#">
      <subfield code="a">Konosemen dan forwarding agency :</subfield>
      <subfield code="b">ekspedisi muatan kapal laut dan pengepakan /</subfield>
      <subfield code="c">Herman A. Carel Lawalata</subfield>
    </datafield>
    <datafield tag="260" ind1="#" ind2="#">
      <subfield code="a">Jakarta :</subfield>
      <subfield code="b">Aksara Baru,</subfield>
      <subfield code="c">1983</subfield>
    </datafield>
    <datafield tag="300" ind1="#" ind2="#">
      <subfield code="a">viii, 283 hlm. :</subfield>
      <subfield code="b">Ilus ;</subfield>
      <subfield code="c">21 cm.</subfield>
    </datafield>
    <datafield tag="650" ind1="#" ind2="#">
      <subfield code="a">Pengangkutan Laut</subfield>
    </datafield>
    <datafield tag="990" ind1="#" ind2="#">
      <subfield code="a">97229722</subfield>
    </datafield>
  </record>
</collection>
